| 000 | 00491nam a2200181Ia 4500 | ||
|---|---|---|---|
| 999 |
_c16870 _d16870 |
||
| 003 | OSt | ||
| 005 | 20200606120022.0 | ||
| 008 | 190216s9999||||xx |||||||||||||| ||und|| | ||
| 020 | _a8188690090 | ||
| 040 | _cMESKC library | ||
| 082 |
_a891 _bLAY/C |
||
| 100 |
_aLayadu, Pramod _9263 |
||
| 245 | 0 |
_aSine Personalities / _cPramod Layadu |
|
| 260 |
_bJ K Book Centre, _c2009. _aDelhi: |
||
| 300 | _a192p | ||
| 650 | _aHindi | ||
| 942 |
_cBK _2ddc _h891 _iLAY/C _k891 _mLAY/C |
||